| 000 | 00923nam a2200289 i 4500 | ||
|---|---|---|---|
| 003 | EG-GICUC | ||
| 005 | 20260419112239.0 | ||
| 008 | 260419s1992 nyu||||fr|||| 00| 0 fre d | ||
| 040 |
_aEG-GiCUC _bfre _cEG-GiCUC _dEG-GiCUC _eRda |
||
| 041 | _afre | ||
| 082 | 0 | 4 |
_221 _a341 _bNA.A |
| 092 | 0 | 4 | _221 |
| 099 | _aLaw1 11 341 NA.A 1992 | ||
| 110 | _kNations Unies | ||
| 245 |
_aAnnuaire De La Commission Du Droit International 1988 . _nVol.2 : _pDocuments de la quarantième session / _cNations Unies . |
||
| 264 |
_aNew York : _bNations Unies , _c1992 . |
||
| 300 |
_a272 page ; _c 24 cm. |
||
| 336 |
_2rda contenu _a texte |
||
| 337 |
_2rda medias _aOrdinateur |
||
| 338 |
_2 transporteur rda _a Ressource en ligne |
||
| 546 | _aTexte en français | ||
| 650 | 1 | _aDroit international | |
| 651 | 1 | _2qrmak | |
| 856 | 4 | 0 | _uhttps://fll.law.cu.edu.eg/fulltext/bks/B11-09974.pdf |
| 905 | _a60 | ||
| 942 |
_2ddc _cBK _e21 _n0 |
||
| 999 |
_c71851 _d71851 |
||